English house condition survey 1991 (Record no. 96786)
[ view plain ]
| 000 -LEADER | |
|---|---|
| fixed length control field | 01240cam a2200265 4500 |
| 008 - FIXED-LENGTH DATA ELEMENTS--GENERAL INFORMATION | |
| fixed length control field | 090401t1996 xxu||||| |||| 00| 0 eng d |
| 020 ## - INTERNATIONAL STANDARD BOOK NUMBER | |
| International Standard Book Number | 0117532010 |
| 035 ## - SYSTEM CONTROL NUMBER | |
| System control number | (Sirsi) u82482 |
| 041 ## - LANGUAGE CODE | |
| Language code of text/sound track or separate title | eng |
| 050 ## - LIBRARY OF CONGRESS CALL NUMBER | |
| Classification number | 333.72 |
| -- | 18 |
| 110 ## - MAIN ENTRY--CORPORATE NAME | |
| Corporate name or jurisdiction name as entry element | United Kingdom |
| Subordinate unit | Department of the Environment |
| 9 (RLIN) | 982 |
| 245 ## - TITLE STATEMENT | |
| Title | English house condition survey 1991 |
| Remainder of title | energy report |
| 260 ## - PUBLICATION, DISTRIBUTION, ETC. | |
| Place of publication, distribution, etc. | London |
| Name of publisher, distributor, etc. | Stationery Office |
| Date of publication, distribution, etc. | 1996 |
| 300 ## - PHYSICAL DESCRIPTION | |
| Extent | iv, 406p. |
| Dimensions | 30cm. |
| 350 ## - PRICE (NR) (BK AM CF MU VM SE) [OBSOLETE] | |
| Price | 45 |
| 490 ## - SERIES STATEMENT | |
| Series statement | English House Condition Survey |
| 505 ## - FORMATTED CONTENTS NOTE | |
| Formatted contents note | Physical standards: energy rating and case studies; heating facilities; thermal insulation; energy efficiency; households and standards |
| 505 ## - FORMATTED CONTENTS NOTE | |
| Formatted contents note | Energy consumption: heating regimes and case studies; heating and appliance use; fuel consumption; fuel expenditure |
| 505 ## - FORMATTED CONTENTS NOTE | |
| Formatted contents note | Thermal conditions: casual factors and case studies; home temperatures; damp and mould growth; satifaction with heating |
| 505 ## - FORMATTED CONTENTS NOTE | |
| Formatted contents note | Energy action: measuring change and case studies; energy related work; attitudes to insulation work; improvement potential; overview and conclusions |
| 650 ## - SUBJECT ADDED ENTRY--TOPICAL TERM | |
| Topical term or geographic name entry element | ENGLISH HOUSE CONDITION SURVEY |
| 690 ## - LOCAL SUBJECT ADDED ENTRY--TOPICAL TERM (OCLC, RLIN) | |
| Topical term or geographic name as entry element | ENVIRONMENTAL AND LAND CONSULTANCY-ENERGY-ENERGY USE |
| 942 ## - ADDED ENTRY ELEMENTS (KOHA) | |
| Suppress in OPAC | 0 |
| 948 ## - LOCAL PROCESSING INFORMATION (OCLC); SERIES PART DESIGNATOR (RLIN) | |
| c (OCLC) | 04/03/1997 |
| Withdrawn status | Lost status | Source of classification or shelving scheme | Damaged status | Not for loan | Home library | Current library | Shelving location | Date acquired | Cost, normal purchase price | Total Checkouts | Full call number | Barcode | Date last seen | Copy number | Cost, replacement price | Price effective from | Koha item type |
|---|---|---|---|---|---|---|---|---|---|---|---|---|---|---|---|---|---|
| Dewey Decimal Classification | London | London | Basement | 23/12/1996 | 45.00 | BASEMENT | 30051000 | 06/08/2019 | 1 | 45.00 | 06/08/2019 | Book |